[Event "CHN-CIS"]
[Site "Beijing"]
[Date "1991.??.??"]
[Round "?"]
[White "Lputian, Smbat G"]
[Black "Ye, Rongguang"]
[Result "1-0"]
[WhiteElo "2570"]
[BlackElo "2515"]
[Annotator "Ernst,T"]
[PlyCount "100"]
[EventDate "1991.??.??"]
[EventType "team"]
[EventRounds "9"]
[EventCountry "CHN"]
[SourceTitle "CBM 028"]
[Source "ChessBase"]
[SourceDate "1992.06.01"]
[SourceVersion "1"]
[SourceVersionDate "1992.06.01"]
[SourceQuality "1"]

1. Nf3 {Hertneck Anand} d5 2. d4 Bf5 {Eine Variante, die zur Zeit sehr beliebt
ist in der CIS (Russland) und offenbar auch in China!} 3. c4 e6 4. Nc3 (4. Qb3
Nc6 5. c5 $1 (5. Qxb7 $6 $10 Nb4 6. Ne5 Rb8 7. Qxa7 Ra8 8. Qb7 Rb8 $10) 5...
Rb8 (5... Qc8 6. e3 Nf6 7. Bb5 Nd7 8. Qa4 (8. Bxc6 bxc6 9. O-O g6 $1 10. Nbd2
Bg7 11. Nh4 Qa6 12. Nxf5 exf5 13. Qc3 Nf6 14. Nb3 Ne4 15. Qa5 Qxa5 16. Nxa5 Kd7
$15 {Colle,E-Nimzowitsch,A/Frankfurt/1930/}) (8. O-O $1 Be7 9. Qa4 O-O {
Gulko-Dorfman -> 8.Qa4} (9... Ncb8 10. b4 c6 11. Be2 $14)) 8... Be7 (8... Ne7
$1 {Gulko} 9. O-O c6 10. Be2 Ng6 $13) 9. Bxc6 bxc6 10. Qxc6 O-O 11. O-O Rb8 12.
Qa4 Bd3 {Gulko,B-Dorfman,J (05)/Moscow m/1978/1/2-1/2/41/}) 6. Nc3 (6. Bf4 Nge7
(6... h6 7. e3 g5 8. Bg3 Bg7 9. Nc3 a6 10. h4 g4 11. Ne5 Nge7 12. Nxc6 Nxc6 13.
Be2 O-O 14. Qd1 $16 {Portisch,L-Larsen,B/Montreal/1978/ 27/488}) 7. e3 a6 8. a3
Ng6 9. Bg3 Be7 10. Be2 O-O 11. O-O $14 e5 12. dxe5 Bxc5 13. Nc3 Be6 14. Rad1
Nce7 $14 {Polugaevsky,L-Vaganian,R/Moscow 4Teams/1981/1/2-1/2/43/}) 6... Nf6 (
6... e5 7. e4 $1 exd4 8. exf5 $16 {Portisch,L-Keres,P/Wijk/1969/1-0/41/}) 7.
Bf4 (7. e3 a6 8. Qa4 Nd7 9. b4 Ra8 10. a3 Be7 (10... g5 $5) 11. Be2 O-O 12. O-O
{/\ Qb3, a3-a4}) 7... a6 8. e3 Be7 9. Be2 Ne4 10. Nxe4 Bxe4 11. O-O O-O (11...
g5 12. Bg3 h5 13. Nd2 $1 h4 14. Nxe4 dxe4 15. Be5 f6 16. Qxe6 $14 {Olafsson,H})
12. Qc3 (12. Ne5 $1 {Olafsson,H} Nxe5 13. Bxe5 $14) 12... Bf6 13. Rfd1 Qe7 {
13...Bf3} 14. Ne5 Bxe5 15. dxe5 h6 16. b4 $14 {/\ 17.a4 Olaffson,H-Knezevic,M/
ISD/1984/1-0/26/}) 4... c6 (4... Nc6 5. Bf4 Nf6 6. e3 Be7 7. Rc1 O-O 8. Be2 a6
9. O-O $14 h6 10. a3 dxc4 11. Bxc4 Nh5 12. Bg3 Nxg3 13. hxg3 Qd7 14. Qe2 Rfd8
15. Rfd1 Qe8 16. d5 exd5 17. Bxd5 {Andersson,U-Kovacevic,Vlado/Bugojno/1984/1/
2-1/2/31/}) (4... Nc6 {Anand}) 5. Qb3 Qb6 (5... b6 6. cxd5 exd5 7. e4 $1 dxe4
8. Ne5 Be6 9. Bc4 Bxc4 10. Qxc4 Qe7 11. Nxc6 Qc7 12. d5 Nf6 13. Nb5 $16 {
Ribli,Z-Kurajica,B/Novi Sad/1982/1-0/28/}) 6. c5 Qc7 (6... Qxb3 7. axb3 Na6 (
7... Nd7 8. b4 a6 9. b5 $1 $14) 8. Bf4 (8. e4 $1 {Hertneck} Nb4 $8 9. exf5 Nc2+
10. Kd1 Nxa1 11. fxe6 fxe6 $2 (11... Nxb3 12. exf7+ Kxf7 13. Be3 Nf6 14. Ne5+
Ke8 15. Kc2 Na1+ 16. Kb1 Nb3 17. Ka2 Na5 18. b4 Nc4 19. Nxc4 dxc4 20. Bxc4 $146
{Shirov,A}) 12. b4 $16 {Shirov,A-Swidler,P, Gausdal 1991, 51/380}) 8... f6 9.
e3 Nb4 10. Kd2 e5 11. Bg3 $13) 7. Bf4 Qc8 (7... Qxf4 $2 8. Qxb7 $16) 8. Nh4 $1
(8. e3 Nf6 9. Nh4 Bg6 10. Nxg6 hxg6 11. h3 Nbd7 12. Rc1 Be7 13. Qc2 Bd8 14. Bd3
Bc7 15. O-O e5 $10 {Dzindzichashvili,R-Kuligowski,A/Lone Pine/1981/}) 8... Ne7
(8... Bg6 9. Nxg6 hxg6 10. e4 $16) (8... Nf6 9. Nxf5 exf5 10. e3 $14) (8... Bg6
{Anand}) 9. Nxf5 (9. Bd6 $6 {Hertneck} Nd7 10. e3 Nf6 11. Be2 Ng6 12. Bxf8 Kxf8
13. Nxf5 exf5 {[]/ Ribli,Z-Christiansen,L, Vienna 1991}) 9... Nxf5 (9... exf5
$6 {Hertneck} 10. e3 Ng6 11. Bg3 Nd7 12. Bd3 Nf6 13. Qc2 Ne4 14. f3 $16) 10. e3
Nd7 11. Bd3 b6 (11... Be7 $14 {Anand}) 12. Qa4 a5 (12... bxc5 13. Ba6 Qd8 (
13... Nb6 {Anand} 14. Bxc8 Nxa4 15. Bb7 $18) 14. Qxc6 $16 (14. Bb7 $16 {
Hertneck})) (12... b5 $5 {Hertneck} 13. Nxb5 cxb5 14. Bxb5 a6 15. Bc6 $1 Ra7
16. Bxd7+ Rxd7 17. c6 Rc7 $13) 13. cxb6 Nxb6 14. Qb3 Qb7 15. Bxf5 exf5 16. O-O
a4 (16... Bb4 {Anand} 17. Rfc1 $14) 17. Qc2 Qd7 (17... g6 {Anand} 18. Be5 $16)
18. b3 Be7 19. Nxa4 Nxa4 20. bxa4 O-O 21. Rab1 $14 h5 (21... Rfc8 {Anand as in
the game would be better instead}) 22. h3 Rfc8 23. Rb2 c5 24. dxc5 Bxc5 25. Qd1
Rxa4 26. Qxh5 d4 27. exd4 Bxd4 28. Rd2 Qb5 29. Rfd1 Bf6 30. Rd5 Qb2 31. Be5 Qb6
(31... Bxe5 $4 32. Rd8+ $18) 32. Qxf5 Qe6 33. Bxf6 Qxf5 34. Rxf5 gxf6 35. Rxf6
$18 Rxa2 36. Rd7 Rf8 37. g4 Kg7 38. g5 Ra5 39. h4 Ra4 40. f4 Ra3 41. h5 Rg3+
42. Kf2 Rh3 43. h6+ Kg8 44. Rfd6 Ra8 45. Rd8+ Rxd8 46. Rxd8+ Kh7 47. Rf8 Kg6
48. Kg2 Rh4 49. Kg3 Rh1 50. Rg8+ Kf5 1-0

[Event "Hasselbacken"]
[Site "Stockholm"]
[Date "2001.08.01"]
[Round "5"]
[White "Grabarczyk, Miroslaw"]
[Black "Yakovich, Yuri"]
[Result "0-1"]
[WhiteElo "2499"]
[BlackElo "2577"]
[Annotator "Finkel,A"]
[PlyCount "62"]
[EventDate "2001.07.28"]
[EventType "tourn"]
[EventRounds "9"]
[EventCountry "SWE"]
[EventCategory "9"]
[SourceTitle "CBM 085"]
[Source "ChessBase"]
[SourceDate "2001.11.13"]
[SourceVersion "1"]
[SourceVersionDate "2001.11.13"]
[SourceQuality "1"]

1. d4 d5 2. Nf3 Nf6 3. g3 Bf5 4. Bg2 e6 5. O-O c6 6. Nbd2 h6 7. c4 Nbd7 8. b3
Bd6 9. Bb2 Qb8 {The idea behind this move is to take conrol over the square e5}
(9... Qc7 10. Rc1 (10. Ne1 O-O 11. Nd3 Rfe8 12. c5 Bf8 13. Nf3 Ne4 $15 {
Gomez,D-Planas,J/Vilanova op 1993}) 10... O-O 11. a3 Bh7 12. Ne1 Rfe8 13. Nd3
Bxd3 14. exd3 dxc4 15. dxc4 c5 16. dxc5 Bxc5 17. b4 $16 {Ritter,M-Koenig,D/New
York Open 2000}) (9... O-O 10. e3 b5 11. cxb5 cxb5 12. Qe2 Qb6 13. Ne5 a5 14.
e4 dxe4 15. Nxe4 Bxe5 16. dxe5 Nxe4 $11 {Koneru,H-Shariyazdanov,A/Chalapathi
GM 2000}) 10. Re1 $6 {Rook has nothing to do on e because white has no chanse
to transfer e4} (10. Ne1 O-O 11. Nd3 Rd8 12. Rc1 a5 13. a3 Bc7 14. Nf3 Be4 15.
cxd5 cxd5 16. e3 Bd6 $11 {Peregudov,N-Sherbakov,R/RUS-Cup5 1997}) (10. Qc1 O-O
11. Ba3 Re8 12. Bxd6 Qxd6 13. Qb2 Ne4 14. Rad1 Nxd2 15. Rxd2 Be4 16. Ne1 Bxg2 {
1/2-1/2 Kekki,P-Valkesalmi,K/FIN-chT 1995}) 10... O-O 11. e3 (11. Nh4 Bh7 12.
f4 Ne4 13. Nhf3 Bb4 14. Rf1 b5 15. c5 Bxd2 16. Nxd2 Nxd2 17. Qxd2 Nf6 $15 {
Svoboda,M-Jurek,J/Klatovy op 1995}) 11... Bh7 12. Qe2 (12. a3 a5 13. c5 Bc7 14.
b4 b6 15. cxb6 Bxb6 16. Qb3 $11) 12... Re8 $5 13. Rec1 {Admiting that rook had
nothing to do e1} a5 14. a3 (14. Ne1 $5 e5 (14... b5 15. cxb5 cxb5 16. Nd3 Qb6
17. Rc2 Rac8 18. Rac1 Rxc2 19. Rxc2 a4 $13) 15. cxd5 Nxd5 16. dxe5 Nxe5 17. Nc4
$11) 14... b5 15. cxd5 cxd5 16. Rc6 Rc8 17. Rac1 (17. Rxc8+ Qxc8 18. Qxb5 $2
Qc2 19. Rb1 (19. Bc1 Qc3 {[%csl Ra1,Rc1]}) 19... Bd3 20. Qb7 Rb8 21. Qa7 Rxb3
$1 $19 {[%csl Rb1]}) 17... Qb7 $1 {Nice tactical idea to take control over the
c-file} 18. Rxc8+ (18. Rxd6 $2 Rxc1+ 19. Bxc1 Qc7 {[%csl Rc1,Rd6]} 20. Rxd7
Qxc1+ 21. Bf1 Nxd7 $17) 18... Rxc8 19. Qd1 Ne4 20. Bf1 (20. Nxe4 Bxe4 21. Ne1
Bxg2 22. Kxg2 Rxc1 23. Bxc1 Qc6 $15) 20... b4 21. axb4 $6 (21. a4 $5) 21...
Bxb4 $1 22. Nxe4 (22. Rxc8+ Qxc8 23. Nxe4 Bxe4 24. Bd3 $15) 22... Bxe4 {
Black has slightly better chanses in the endgame, but white has no real
problems to hold it, however his next move is a blunder simply losing a b-pawn,
after which white is helpless} 23. Ne1 $2 (23. Rxc8+ Qxc8 24. Bd3 $15) 23...
Rxc1 24. Bxc1 Bxe1 25. Qxe1 Qxb3 $19 26. Qe2 (26. Qxa5 Qd1 27. Qd2 Qf3 $19 {
[%csl Rg2,Rh1]}) 26... a4 27. f3 Bg6 28. Qb2 Qd1 $1 29. Kf2 Bd3 30. Bg2 a3 $1
31. Qd2 (31. Qxa3 Qe2+ 32. Kg1 Qe1+ 33. Bf1 Qxf1#) 31... Qb3 {[%cal Gd7b6,
Gb6c4]} 0-1

[Event "URS-ch FL55"]
[Site "Lvov"]
[Date "1987.11.23"]
[Round "13"]
[White "Romanishin, Oleg M"]
[Black "Bareev, Evgeny"]
[Result "0-1"]
[WhiteElo "2555"]
[BlackElo "2555"]
[Annotator "Ftacnik,L"]
[PlyCount "79"]
[EventDate "1987.11.??"]
[EventType "tourn"]
[EventRounds "17"]
[EventCountry "URS"]
[EventCategory "10"]
[SourceTitle "EXT 2018"]
[Source "ChessBase"]
[SourceDate "2017.10.13"]
[SourceVersion "1"]
[SourceVersionDate "2017.10.13"]
[SourceQuality "1"]

1. Nf3 d5 2. d4 Nf6 3. c4 c6 4. Qb3 e6 5. g3 Ne4 6. Bg2 Bd6 7. Nc3 f5 8. O-O
Nd7 9. c5 {'!'} Be7 (9... Bb8 10. Nxe4 fxe4 11. Ng5 Nf6 12. f3 h6 13. Nh3 $16)
(9... Bc7 10. Nxe4 fxe4 11. Bg5 Nf6 12. Ne5 $16) 10. Bf4 O-O (10... g5 11. Be5
O-O 12. Nxe4 fxe4 13. Ne1 {/\ f3}) 11. Nxe4 fxe4 12. Ne5 Nxe5 13. Bxe5 b6 14.
cxb6 axb6 (14... Qxb6 15. Rfc1 $16) 15. f3 {'+/-'} exf3 16. exf3 c5 17. f4 Bd7
(17... c4 18. Qc3 b5 19. b4 $16) 18. a3 cxd4 19. Bxd4 Bc5 20. Qe3 Qf6 21. Rad1
{'?'} (21. Rfd1 Rfc8 $16) 21... Ra4 {'!'} (21... Rfc8 $16) 22. Bxc5 bxc5 23. f5
Rd4 {'!'} (23... d4 24. Qb3 $18) 24. Rc1 {'!'} (24. fxe6 Rxd1 25. Rxd1 d4 $1
$10) 24... e5 {'!'} 25. Rxc5 e4 26. Qc3 {'!'} h5 {'!'} 27. b4 Rb8 28. Rc7 {'!'}
Bb5 29. Re1 Re8 {'?'} (29... Bc4 $1 30. Bf1 Bxf1 31. Rxf1 Rd3 $10) 30. Rc8 {'?'
} (30. Qc5 $1 $18 Bc4 31. Rc6) (30. Bf1 Bxf1 31. Rxf1 e3 $15) 30... Rxc8 31.
Qxc8+ Kh7 32. Qe6 {'?!'} (32. Qc3 Qb6 33. Qe3 Qf6 $10) 32... Rd2 33. Qxf6 gxf6
34. Ra1 {'?!'} (34. Bf1 Ba4 35. Rb1 e3 36. b5 e2 37. Bxe2 Rxe2 38. b6 Re8 39.
b7 Rb8 40. Rb4 Bc6 41. Rb6 Bd7 42. Rb4 $10) 34... e3 {'!'} 35. Bf3 (35. a4 $2
Bxa4 $19) 35... Ba4 36. b5 {'?'} (36. Rb1 $1 $10) 36... Bxb5 {'-+'} 37. a4 Ba6
38. a5 d4 39. Rc1 Rf2 40. Bxh5 (40. Bxh5 Rxf5 41. Bg4 Rxa5 $19) 0-1

[Event "Politiken Cup 18th"]
[Site "Copenhagen"]
[Date "1996.??.??"]
[Round "11"]
[White "Hutters, Tomas"]
[Black "Hector, Jonny"]
[Result "0-1"]
[WhiteElo "2435"]
[BlackElo "2520"]
[Annotator "Ftacnik,L"]
[PlyCount "48"]
[EventDate "1996.06.??"]
[EventType "swiss"]
[EventRounds "11"]
[EventCountry "DEN"]
[SourceTitle "CBM 054"]
[Source "ChessBase"]
[SourceDate "1996.10.01"]
[SourceVersion "1"]
[SourceVersionDate "1996.10.01"]
[SourceQuality "1"]

1. d4 d5 2. Nf3 Nf6 3. c4 c6 4. Qc2 g6 5. Bf4 Na6 6. c5 (6. e3 Bf5 (6... Bg7 7.
Nc3 Qa5 8. Qd2 $1 O-O 9. a3 Be6 10. cxd5 cxd5 (10... Nxd5 11. Nxd5 Qxd2+ 12.
Kxd2 Bxd5 13. Rc1 $14) 11. h3 Rac8 12. Be2 Qb6 13. Ng5 $1 $14 {Epishin,
V-Tukmakov,V/Bern/1991/}) 7. Qb3 Nb4 $5 8. Qxb4 e5 9. c5 exf4 10. exf4 b6 11.
Ne5 bxc5 12. Qb7 Bd7 13. Nxd7 Nxd7 14. Qxc6 Rc8 15. Qxd5 cxd4 16. Bb5 Bb4+ 17.
Ke2 O-O 18. Rd1 Qh4 19. Kf1 Qxh2 20. Nd2 Nf6 {0-1 Epishin,V-Kupreichik,V/
URS-sf Daugavpils/1989/ (26)}) (6. Nbd2 Bg7 7. e3 O-O 8. c5 $6 (8. Be2 c5 9.
dxc5 Bf5 $13) 8... b6 (8... Nc7 9. Bd3 Nh5 10. h3 Nxf4 11. exf4 Ne6 12. f5 Nxd4
13. Nxd4 Bxd4 14. h4 Bxf5 15. Bxf5 gxf5 16. Nf3 Qa5+ 17. Kf1 Qxc5 18. Qxf5 e6
19. Qh5 Bxb2 20. Re1 Qc2 {0-1 Cerny,M-Mitura,V/CZE-chT 9596 (05)/1995/ (29)})
9. Ne5 Nb8 $1 10. Be2 Nfd7 11. Nd3 Ba6 12. Nb3 Bxd3 13. Bxd3 bxc5 14. dxc5 a5
15. O-O a4 16. Nd2 e5 17. Bg3 Qa5 {Filippov,V-Dreev,A/RUS-chT Kazan (01)/1995/
1-0 (48)} (17... Na6 $5)) 6... b6 7. Qa4 Bg7 8. e3 Nb8 9. cxb6 Qxb6 10. Nbd2
O-O 11. Rc1 Qxb2 $1 12. Rb1 Qc3 13. Rxb8 (13. Bxb8 Bf5 14. Qb3 Qxb3 15. Rxb3
Raxb8 $17) 13... Rxb8 14. Bxb8 Bf5 {It becomes clear, that the piece sacrifice
was very temporary. White has full hands with avoiding mating attack.} 15. Qb3
(15. Bxa7 Bc2 16. Qa6 Qa1+ 17. Nb1 Qxb1+ 18. Kd2 Ne4+ 19. Ke2 Qd1#) (15. Qxa7
Qc1+ 16. Ke2 Bc2 17. e4 Ng4 18. exd5 Qd1#) 15... Qc1+ (15... Qxb3 16. axb3 Rxb8
$17) 16. Qd1 (16. Ke2 Bc2 $19) 16... Qxd1+ 17. Kxd1 Rxb8 18. Ne5 Rb2 (18... Rb6
19. f3 h5 $17) 19. Nxc6 {Restoring only material balance, white is truly
bancrupt with the undeveloped kingside.} Bd7 20. Kc1 (20. Nxe7+ Kf8 $19) (20.
Nxa7 Rxa2 $19) 20... Rxa2 21. Nb4 Ra1+ 22. Nb1 (22. Kb2 Rd1 23. Kc2 Ba4+ 24.
Kc3 a5 25. Nd3 Ne4+ 26. Nxe4 dxe4 27. Nc5 Bb5 28. Bxb5 Rxh1 $19) 22... Ne4 23.
Kb2 (23. Nxd5 Nxf2 24. Rg1 e5 $19) 23... Ra5 24. f3 Nf2 (24... Nf2 25. Rg1 Nd1+
26. Kc1 Nxe3 $19) 0-1

[Event "Yerevan"]
[Site "Yerevan"]
[Date "1996.??.??"]
[Round "1"]
[White "Minasian, Artashes"]
[Black "Hracek, Zbynek"]
[Result "0-1"]
[WhiteElo "2580"]
[BlackElo "2650"]
[Annotator "Ftacnik,L"]
[PlyCount "99"]
[EventDate "1996.04.??"]
[EventType "tourn"]
[EventRounds "11"]
[EventCountry "ARM"]
[EventCategory "15"]
[SourceTitle "CBM 053"]
[Source "ChessBase"]
[SourceDate "1996.08.01"]
[SourceVersion "1"]
[SourceVersionDate "1996.08.01"]
[SourceQuality "1"]

1. b3 d5 2. Bb2 Bg4 3. g3 e6 4. Bg2 Nf6 5. Nf3 Nbd7 6. O-O c6 7. d4 Bd6 8. Nbd2
Qe7 9. c4 O-O 10. Ne5 Bf5 11. c5 (11. Qc1 Rac8 (11... Ne4 12. Nxe4 Bxe4 13. f3
Bf5 14. Nxd7 Qxd7 15. e4 Bg6 16. e5 Be7 17. f4 b5 18. Rd1 a5 19. c5 a4 20. b4
f5 {1/2-1/2 Vyzmanavin,A-Yakovich,Y/URS-ch OT Minsk/1986/ (35)}) 12. a3 c5 13.
Nxd7 Nxd7 14. dxc5 Nxc5 15. Qc3 f6 16. Qe3 dxc4 17. Nxc4 Bb8 18. Rac1 b6 19. b4
Na4 20. Ba1 Rc7 21. Qb3 Rfc8 22. b5 Nc5 23. Qb4 Kf8 {Smejkal,J-Farago,I/
Amsterdam IBM (10)/1979/0-1 (88)}) (11. h3 Rad8 (11... h6 12. g4 Bh7 13. e3 Ne4
14. Ndf3 f6 15. Nxd7 Qxd7 16. Ne1 Qc7 17. Nd3 a5 18. a4 Rfe8 19. Re1 Bf8 20.
Rc1 Qb6 {1/2-1/2 Yudasin,L-Bagirov,V/URS-chT Podolsk/1990/ (34)}) 12. Qc1 h6
13. Re1 Rfe8 14. c5 Bc7 15. f4 Ne4 16. Nxe4 Bxe4 17. Bxe4 dxe4 18. b4 Nf6 19.
Qe3 Nd5 20. Qxe4 f5 21. Qf3 Bxe5 22. fxe5 Nxb4 23. Rab1 Nd5 {1/2-1/2 Karlsson,
L-Pinter,J/Las Palmas izt (07)/1982/ (41)}) (11. Rc1 Rfd8 12. e3 Bxe5 13. dxe5
Ng4 14. Nf3 dxc4 15. bxc4 Nc5 16. Nd4 Nxe5 17. Qh5 Ned3 18. Nxf5 exf5 19. Rb1
Nxb2 20. Rxb2 g6 {0-1 Pozuelo,J-Beulen,M/Belfort op (08)/1989/ (38)}) (11. a3
a5 (11... Bc7 12. Nxd7 Nxd7 13. e4 dxe4 14. Nxe4 e5 15. d5 Bxe4 16. Bxe4 Nf6
17. Bg2 Rad8 18. Re1 cxd5 19. cxd5 Rd7 20. Qe2 Nxd5 21. Rad1 Qe6 22. Qc4 Nf6
23. Qxe6 fxe6 24. Bh3 Kf7 {Kengis,E-Liiva,R/Parnu-B (04)/1996/1-0 (73)}) 12.
Nxd7 (12. Qc1 Rfc8 13. Bc3 b5 14. Nxd7 Qxd7 15. c5 Bc7 16. b4 Ne4 17. Nxe4 Bxe4
18. Qd2 Bxg2 19. Kxg2 Qd8 20. Qd3 {1/2-1/2 Kengis,E-Dautov,R/BL2-W 9495/1995/ 
(29)}) 12... Qxd7 13. c5 (13. Nf3 h6 14. e3 Be4 15. Qe2 b6 {1/2-1/2 Kengis,
E-Dautov,R/BL2-W/1994/}) 13... Be7 14. b4 b5 15. f3 h6 16. Bc3 axb4 17. axb4
Rxa1 18. Qxa1 Qb7 19. Qb2 Ra8 20. Ra1 Rxa1+ 21. Qxa1 Bd8 22. Nf1 Bh7 23. Bd2
Ne8 24. Bf4 g5 25. Bd2 Ng7 {1/2-1/2 Malaniuk,V-Lukacs,P/Kecskemet Szechenyi 
(08)/1991/ (32)}) (11. Nxd7 Qxd7 12. f3 (12. Re1 Rfd8 13. f3 Bg6 14. Rc1 Qe7
15. c5 Bc7 16. b4 e5 17. dxe5 Bxe5 18. Bxe5 Qxe5 19. e3 a5 20. bxa5 Qb2 21. Nb3
Qxa2 22. Ra1 Qb2 23. Nd4 Nd7 24. Qb3 Qxb3 25. Nxb3 {0-1 Tatarko,J-Zapolskis,A/
Karvina op (01)/1992/ (39)}) 12... Bg6 13. e4 dxe4 14. Nxe4 Be7 15. Qe2 Qc7 16.
Rad1 Rad8 17. Rd2 Qb6 18. Nf2 Qa5 19. a3 Qb6 20. b4 a5 21. Bc3 axb4 22. axb4
Ra8 {Vladimirov,E-Illescas Cordoba,M/URS-ESP mT/1991/1/2-1/2 (60)}) (11. e3
Bxe5 12. dxe5 Ng4 13. e4 dxe4 14. Nxe4 Ngxe5 15. Qd6 Qxd6 16. Nxd6 Rab8 17.
Nxf5 exf5 18. Rad1 Rfd8 19. Rd2 Ng6 20. Rfd1 Ngf8 21. h4 h5 22. Bf3 {Foisor,
C-Rausis,I/Hyeres op/1992/1/2-1/2 (46)}) 11... Bc7 (11... Bxe5 12. dxe5 Ng4 13.
e4 dxe4 14. Nxe4 $36) 12. b4 Rfd8 13. Qb3 Nxe5 14. dxe5 Nd7 15. Qe3 a5 $1 16.
a3 b6 17. Bd4 (17. cxb6 Bxb6 18. Bd4 Bxd4 19. Qxd4 axb4 20. axb4 Rab8 $15)
17... bxc5 18. bxc5 a4 $1 19. f4 Ra5 20. Rac1 Rb5 21. h3 Ba5 22. g4 Bxd2 $1 {
xb3} 23. Qxd2 Be4 24. Bxe4 dxe4 25. Qc2 Rb3 26. e3 (26. Qxe4 Rg3+ 27. Kh1 Qh4
$19) 26... Qh4 27. Qxe4 (27. Kg2 Nxe5 $1 28. Qxe4 (28. fxe5 Rxd4) (28. Bxe5
Rxe3 $19) 28... Nd3 29. Rcd1 Rxd4 $1 30. Qxd4 Rb2+ 31. Kf3 Qxh3+ 32. Ke4 Qg2+
33. Rf3 f5+ 34. gxf5 exf5+ 35. Kxf5 Qg6#) 27... Qg3+ 28. Qg2 Qxg2+ 29. Kxg2
Rxa3 30. Ra1 Rxa1 31. Rxa1 Ra8 32. Kf3 $2 (32. Ra3 $17) 32... a3 33. Ke4 f6 34.
Kd3 (34. exf6 gxf6 35. Kd3 e5 36. fxe5 fxe5 37. Bc3 $17) 34... fxe5 35. fxe5
Kf7 36. Kc3 Kg6 37. Kb3 (37. h4 h5 $1 $19) 37... a2 $1 (37... Kg5 38. Ka2 Kh4
39. Rh1 $17) 38. h4 (38. Rxa2 Rxa2 39. Kxa2 Kg5 $19) 38... h5 39. gxh5+ Kxh5
40. Kc4 Kxh4 41. Kd3 g5 42. Ke2 Kg4 43. Kd3 (43. Rg1+ Kf5 44. Kf3 Nxe5+ $19)
43... Kf3 44. Rf1+ Kg2 45. Ra1 Ra4 46. e4 g4 47. Ke3 g3 48. Rc1 Kh2 49. Ba1 g2
50. Kf2 (50. Kf2 Nxc5 $19) 0-1